[Event "Mistrovstvi CR senioru nad 70 let"]
[Site "Pelcovo divadlo Rychnov nad Kn"]
[Date "2016.08.20"]
[Round "1.2"]
[White "Pecka, Frantisek"]
[Black "Folta, Jaroslav"]
[Result "1/2-1/2"]
[WhiteElo "2057"]
[BlackElo "1767"]
[PlyCount "46"]
[EventDate "2016.08.20"]

1. e4 c6 2. d4 d5 3. Nc3 dxe4 4. Nxe4 Nd7 5. c4 Ngf6 6. Nc3 Nb6 7. Nf3 Bg4 8.
h3 Bxf3 9. Qxf3 Qxd4 10. Be3 Qe5 11. O-O-O e6 12. g4 Bb4 13. Bd4 Qg5+ 14. Kb1
O-O-O 15. Be2 Bxc3 16. Bxc3 Rxd1+ 17. Rxd1 Rd8 18. Rxd8+ Kxd8 19. Qd3+ Kc7 20.
Qd4 c5 21. Qe5+ Qxe5 22. Bxe5+ Kc8 23. g5 Ne8 1/2-1/2

[Event "Mistrovstvi CR senioru nad 70 let"]
[Site "Pelcovo divadlo Rychnov nad Kn"]
[Date "2016.08.20"]
[Round "1.3"]
[White "Reichmann, Pavel"]
[Black "Most, Zdenek"]
[Result "0-1"]
[WhiteElo "1763"]
[BlackElo "2038"]
[PlyCount "80"]
[EventDate "2016.08.20"]

1. e4 c5 2. Nf3 d6 3. d4 cxd4 4. Nxd4 Nf6 5. Nc3 a6 6. Bg5 e6 7. f4 Be7 8. Qf3
Qc7 9. O-O-O Nc6 10. Nxc6 Qxc6 11. e5 Qxf3 12. gxf3 dxe5 13. fxe5 Nd7 14. Bxe7
Kxe7 15. f4 b5 16. Bg2 Ra7 17. Rhg1 g6 18. Bc6 Nb6 19. Bf3 Rc7 20. Rd3 Rc4 21.
Ne2 Rc7 22. Rgd1 Rd7 23. b3 Rhd8 24. Rxd7+ Rxd7 25. Rxd7+ Kxd7 26. Nc3 Kc7 27.
Kd2 b4 28. Ne4 Bb7 29. Ng5 Bxf3 30. Nxf3 h6 31. Nd4 Nd5 32. Ne2 Kc6 33. Kd3 Kc5
34. h4 a5 35. Kd2 Ne7 36. Ng3 Kd4 37. h5 Nd5 38. hxg6 fxg6 39. Ne2+ Ke4 40. c4
bxc3+ 0-1

[Event "Mistrovstvi CR senioru nad 70 let"]
[Site "Pelcovo divadlo Rychnov nad Kn"]
[Date "2016.08.20"]
[Round "1.4"]
[White "Vitek, Vaclav"]
[Black "Vlasak, Ladislav"]
[Result "1/2-1/2"]
[WhiteElo "2035"]
[BlackElo "1756"]
[PlyCount "44"]
[EventDate "2016.08.20"]

1. e4 e6 2. d4 d5 3. Nc3 Bb4 4. Nge2 dxe4 5. a3 Be7 6. Nxe4 Nf6 7. N2g3 O-O 8.
Be3 b6 9. Bd3 Bb7 10. O-O Nbd7 11. f4 Rc8 12. Qe2 c5 13. c3 Nd5 14. Bd2 cxd4
15. cxd4 N7f6 16. Nc3 Qd7 17. Kh1 g6 18. Rae1 Rfe8 19. Qd1 Bf8 20. Re5 Bd6 21.
Ree1 Bf8 22. Re5 Bd6 1/2-1/2

[Event "Mistrovstvi CR senioru nad 70 let"]
[Site "Pelcovo divadlo Rychnov nad Kn"]
[Date "2016.08.20"]
[Round "1.5"]
[White "Kosek, Lubomir"]
[Black "Chmelik, Jiri"]
[Result "0-1"]
[WhiteElo "1737"]
[BlackElo "2013"]
[PlyCount "48"]
[EventDate "2016.08.20"]

1. e4 c5 2. Nf3 d6 3. d4 cxd4 4. Nxd4 Nf6 5. Nc3 e6 6. f3 Be7 7. Be3 a6 8. Qd2
b5 9. g4 Bb7 10. h4 Nc6 11. g5 Nd7 12. a3 Nde5 13. Be2 O-O 14. O-O Rc8 15. b3
Nxd4 16. Bxd4 Qc7 17. Rac1 Nd7 18. Nd1 d5 19. f4 dxe4 20. Bb2 Rfd8 21. Bg4 Nf8
22. Qe2 Ng6 23. Qh2 Bc5+ 24. Rf2 e3 0-1

[Event "Mistrovstvi CR senioru nad 70 let"]
[Site "Pelcovo divadlo Rychnov nad Kn"]
[Date "2016.08.20"]
[Round "1.6"]
[White "Macura, Emil"]
[Black "Abraham, Karel"]
[Result "1-0"]
[WhiteElo "1985"]
[BlackElo "1707"]
[PlyCount "0"]
[EventDate "2016.08.20"]
[PlyCount "65"]

1. c4 c6 2. d4 Nf6 3. Nc3 d5 4. e3 Bf5 5. Nf3 h6 6. Qb3 Qb6 7. Ne5 Nbd7 8. cxd5
Qxb3 9. axb3 Nxd5 10. Nxd5 cxd5 11. Bb5 f6 12. Nxd7 Bxd7 13. Bd3 Kf7 14. Bd2 e6
15. O-O Bd6 16. f4 f5 17. b4 a6 18. Bc3 Rhg8 19. Be2 Ke7 20. h3 Bb5 21. Bxb5
axb5 22. Rfc1 Rgc8 23. Kf2 Kd7 24. Ke2 Rxa1 25. Rxa1 Kc6 26. g4 fxg4 27. hxg4
g5 28. Bd2 Kb6 29. Kd3 gxf4 30. exf4 Rf8 31. Rf1 e5 32. dxe5 Bxe5 33. Be3+ 1-0

[Event "Mistrovstvi CR senioru nad 70 let"]
[Site "Pelcovo divadlo Rychnov nad Kn"]
[Date "2016.08.20"]
[Round "1.7"]
[White "Svatos, Zdenek"]
[Black "Jacek, Miloslav"]
[Result "0-1"]
[WhiteElo "1704"]
[BlackElo "1977"]
[PlyCount "94"]
[EventDate "2016.08.20"]

1. Nf3 d6 2. d4 Nf6 3. b3 g6 4. Bb2 Bg7 5. Nbd2 O-O 6. e3 c5 7. Bd3 Nc6 8. a3
b6 9. O-O Bb7 10. c4 e6 11. Qc2 Qc7 12. Rad1 Rad8 13. Rfe1 Rfe8 14. e4 cxd4 15.
Nxd4 a6 16. N2f3 Nd7 17. Nxc6 Bxc6 18. Bxg7 Kxg7 19. b4 Bb7 20. Qd2 Ne5 21.
Nxe5 dxe5 22. Qb2 Rd4 23. f3 Red8 24. Qc2 Qd6 25. Re3 f5 26. c5 bxc5 27. bxc5
Qd7 28. exf5 exf5 29. Qc3 Qd5 30. g3 g5 31. Kf2 Kh6 32. h4 gxh4 33. gxh4 Rf4
34. Be2 Rd4 35. Bd3 Rxh4 36. Rg1 f4 37. Rxe5 Qxf3+ 38. Ke1 Rg4 39. Re6+ Rg6 40.
Rgxg6+ hxg6 41. Rxg6+ Kh5 42. Be2 Qxe2+ 43. Kxe2 Kxg6 44. c6 Bc8 45. Kf3 Rg8
46. Qe5 Kh7 47. c7 Bb7+ 0-1

[Event "Mistrovstvi CR senioru nad 70 let"]
[Site "Pelcovo divadlo Rychnov nad Kn"]
[Date "2016.08.20"]
[Round "1.8"]
[White "Skokan, Zdenek"]
[Black "Labik, Jaroslav"]
[Result "1/2-1/2"]
[WhiteElo "1967"]
[BlackElo "1674"]
[PlyCount "49"]
[EventDate "2016.08.20"]

1. e4 c5 2. Nf3 d6 3. d4 cxd4 4. Nxd4 Nf6 5. Nc3 a6 6. g3 Bg4 7. f3 Bd7 8. Be3
e5 9. Nb3 Nc6 10. a4 Be7 11. Bc4 Rc8 12. Bd5 Be6 13. O-O O-O 14. Qd2 Bxd5 15.
Nxd5 Nxd5 16. exd5 Nb8 17. Rac1 Nd7 18. a5 Rc4 19. Qd3 Qc8 20. c3 f5 21. Nd2
Rc7 22. b4 Qe8 23. c4 Qg6 24. Kh1 Nf6 25. Bb6 1/2-1/2

[Event "Mistrovstvi CR senioru nad 70 let"]
[Site "Pelcovo divadlo Rychnov nad Kn"]
[Date "2016.08.20"]
[Round "1.9"]
[White "Feldvabl, Vilem"]
[Black "Fiser, Jiri"]
[Result "0-1"]
[WhiteElo "1663"]
[BlackElo "1952"]
[PlyCount "0"]
[EventDate "2016.08.20"]
[PlyCount "62"]

1. d4 Nf6 2. Nf3 d5 3. Bf4 e6 4. e3 c5 5. Bb5+ Nc6 6. c3 Bd7 7. h3 Be7 8. O-O
O-O 9. Nbd2 Qb6 10. Bxc6 Bxc6 11. b3 Ne4 12. Rc1 f6 13. Nxe4 dxe4 14. Nd2 Rad8
15. Qc2 g5 16. Bg3 f5 17. Be5 Bb5 18. c4 Bc6 19. Rfd1 Bf6 20. dxc5 Qxc5 21.
Bxf6 Rxf6 22. Nf1 Rdf8 23. Rd2 f4 24. Rcd1 g4 25. hxg4 Qg5 26. Rd8 Qxg4 27.
Rxf8+ Kxf8 28. Nh2 Qh4 29. Rd8+ Ke7 30. f3 exf3 31. gxf3 Rg6+ 0-1

[Event "Mistrovstvi CR senioru nad 70 let"]
[Site "Pelcovo divadlo Rychnov nad Kn"]
[Date "2016.08.20"]
[Round "1.10"]
[White "Laszkiewicz, Jerzy"]
[Black "Biza, Miroslav"]
[Result "1/2-1/2"]
[WhiteElo "1941"]
[BlackElo "1659"]
[PlyCount "0"]
[EventDate "2016.08.20"]
[PlyCount "44"]

1. e4 Nf6 2. e5 Nd5 3. c4 Nb6 4. c5 Nd5 5. Nc3 c6 6. Bc4 d6 7. exd6 exd6 8.
cxd6 Be6 9. Nxd5 cxd5 10. Be2 Bxd6 11. Nf3 Nc6 12. d4 Qb6 13. O-O O-O 14. b3
Bf5 15. Bd3 Bg4 16. Be3 Be7 17. h3 Bxf3 18. Qxf3 Rad8 19. Rad1 Rd6 20. Bb1 Rfd8
21. Qf5 g6 22. Qd3 Bf6 1/2-1/2

[Event "Mistrovstvi CR senioru nad 70 let"]
[Site "Pelcovo divadlo Rychnov nad Kn"]
[Date "2016.08.20"]
[Round "1.11"]
[White "Maly, Jiri"]
[Black "Holecek, Vladimir"]
[Result "0-1"]
[WhiteElo "1657"]
[BlackElo "1921"]
[PlyCount "62"]
[EventDate "2016.08.20"]

1. d4 Nf6 2. c4 e5 3. e3 e4 4. Nc3 Bb4 5. a3 Bxc3+ 6. bxc3 O-O 7. f3 b6 8. d5
d6 9. Qc2 Nbd7 10. fxe4 Re8 11. Bd3 Nc5 12. Nf3 Nxd3+ 13. Qxd3 Nxe4 14. O-O Nc5
15. Qc2 Ba6 16. Qe2 Qe7 17. Nd4 g6 18. Rf3 Qe4 19. Nb5 Bxb5 20. cxb5 Qxd5 21.
c4 Qd3 22. Qxd3 Nxd3 23. Bd2 Re4 24. Raf1 f5 25. Rg3 Kf7 26. Rh3 h5 27. g4
Rxg4+ 28. Rg3 Rxg3+ 29. hxg3 Re8 30. Ra1 Nb2 31. Kf2 Re4 0-1

[Event "Mistrovstvi CR senioru nad 70 let"]
[Site "Pelcovo divadlo Rychnov nad Kn"]
[Date "2016.08.20"]
[Round "1.12"]
[White "Tejkal, Jiri"]
[Black "Jedlicka, Eduard"]
[Result "1-0"]
[WhiteElo "1910"]
[BlackElo "1632"]
[PlyCount "70"]
[EventDate "2016.08.20"]

1. d4 d5 2. Nf3 g6 3. c4 Bg7 4. Nc3 c6 5. cxd5 cxd5 6. Bf4 e6 7. e3 a6 8. Be2
Nc6 9. O-O Nge7 10. Qd2 f6 11. Rad1 O-O 12. Rfe1 g5 13. Bg3 Nf5 14. e4 Nxg3 15.
hxg3 Re8 16. exd5 exd5 17. Qc2 Be6 18. Bd3 h6 19. Bh7+ Kh8 20. Bg6 Re7 21. Na4
g4 22. Nh4 Nxd4 23. Rxd4 Bf5 24. Qd1 Be6 25. Bb1 Re8 26. Qd3 Bf5 27. Rxe8+ Qxe8
28. Qxf5 Kg8 29. Rxg4 Qf7 30. Qh7+ Kf8 31. Nf5 Qg8 32. Rxg7 Qxh7 33. Rxh7 Re8
34. Rh8+ Kf7 35. Rxe8 Kxe8 1-0

[Event "Mistrovstvi CR senioru nad 50 let"]
[Site "Pelcovo divadlo Rychnov nad Kn"]
[Date "2016.08.21"]
[Round "2.1"]
[White "Sabol, Marian"]
[Black "Humlicek, Vojtech"]
[Result "1-0"]
[WhiteElo "2337"]
[BlackElo "1963"]
[PlyCount "65"]
[EventDate "2016.08.20"]

1. c4 Nf6 2. Nc3 d6 3. d4 Nbd7 4. e4 e5 5. Nf3 Be7 6. Be2 O-O 7. O-O Re8 8. Qc2
c6 9. Rd1 Qc7 10. b4 Nf8 11. h3 Bd7 12. Be3 b6 13. a4 a5 14. bxa5 bxa5 15. c5
Ng6 16. Bc4 exd4 17. cxd6 Bxd6 18. Nxd4 Nf4 19. Nf3 Be6 20. Bxe6 Nxe6 21. Rxd6
Qxd6 22. e5 Qe7 23. exf6 Qxf6 24. Rc1 Nf4 25. Bxf4 Qxf4 26. Nd1 Rac8 27. Ne3
Qe4 28. Qc3 Qb4 29. Qa1 Qf4 30. Nd4 c5 31. Ndf5 Qe5 32. Qa2 g6 33. Nh6+ 1-0

[Event "Mistrovstvi CR senioru nad 50 let"]
[Site "Pelcovo divadlo Rychnov nad Kn"]
[Date "2016.08.21"]
[Round "2.2"]
[White "Siebenburger, Vlastimil"]
[Black "Bartos, Jan"]
[Result "1/2-1/2"]
[WhiteElo "2068"]
[BlackElo "2156"]
[PlyCount "30"]
[EventDate "2016.08.20"]

1. e4 e5 2. Nf3 Nc6 3. d4 exd4 4. Bc4 Nf6 5. e5 d5 6. Bb5 Ne4 7. Nxd4 Bc5 8.
Be3 Bd7 9. Bxc6 bxc6 10. O-O O-O 11. f3 Ng5 12. f4 Ne4 13. Nd2 Bxd4 14. Bxd4
Nxd2 15. Qxd2 Bf5 1/2-1/2

[Event "Mistrovstvi CR senioru nad 50 let"]
[Site "Pelcovo divadlo Rychnov nad Kn"]
[Date "2016.08.21"]
[Round "2.3"]
[White "Urban, Zdenek"]
[Black "Pociejowski, Marek"]
[Result "1-0"]
[WhiteElo "2153"]
[BlackElo "1851"]
[PlyCount "153"]
[EventDate "2016.08.20"]

1. c4 Nf6 2. Nc3 e6 3. e4 d5 4. e5 d4 5. exf6 dxc3 6. fxg7 cxd2+ 7. Qxd2 Qxd2+
8. Bxd2 Bxg7 9. O-O-O Nc6 10. Ne2 Bd7 11. Bg5 f6 12. Be3 O-O-O 13. Ng3 Be8 14.
Rxd8+ Kxd8 15. Be2 b6 16. Nh5 Bxh5 17. Bxh5 Ke7 18. Bf3 Ne5 19. Be2 Rd8 20. h4
c5 21. g4 Nd3+ 22. Kb1 Ne5 23. h5 h6 24. Rd1 Nd3 25. Rf1 f5 26. gxf5 exf5 27.
Rg1 Kf7 28. Rd1 f4 29. Bxd3 fxe3 30. fxe3 Kf6 31. Kc2 Ke5 32. Rg1 Rd7 33. Rg6
Rf7 34. Be2 Re7 35. Bf3 Rf7 36. Be2 Re7 37. Kd2 Rd7+ 38. Bd3 Bf8 39. Rg8 Be7
40. Re8 Kf6 41. Ke2 Kg7 42. Be4 Bf6 43. Bd5 Bxb2 44. Kf3 Bf6 45. e4 Re7 46.
Rg8+ Kh7 47. Kf4 Bg5+ 48. Kf5 Rd7 49. Rg6 Rd8 50. e5 Rf8+ 51. Ke4 Rf4+ 52. Kd3
Rf8 53. Rc6 Re8 54. Ke4 Kg7 55. Rc7+ Re7 56. Rc6 Re8 57. Rg6+ Kh7 58. Bf7 Re7
59. e6 Bh4 60. Ke5 Rb7 61. Kd6 Re7 62. a4 Rb7 63. Rg4 Bf6 64. Bg6+ Kh8 65. Be4
Be7+ 66. Kc6 Rb8 67. Kd7 Bf6 68. e7 Bxe7 69. Kxe7 a6 70. Rg6 b5 71. Rxh6+ Kg7
72. Rxa6 b4 73. h6+ Kg8 74. Rd6 b3 75. Rd8+ Rxd8 76. Kxd8 Kf7 77. a5 1-0

[Event "Mistrovstvi CR senioru nad 50 let"]
[Site "Pelcovo divadlo Rychnov nad Kn"]
[Date "2016.08.21"]
[Round "2.4"]
[White "Petras, Milan"]
[Black "Kozak, Milos"]
[Result "1/2-1/2"]
[WhiteElo "1963"]
[BlackElo "2145"]
[PlyCount "46"]
[EventDate "2016.08.20"]

1. e4 c6 2. d4 d5 3. exd5 cxd5 4. Bd3 Nc6 5. c3 Qc7 6. Nf3 Bg4 7. Nbd2 e6 8.
O-O Bd6 9. Qa4 Nge7 10. Ne5 Bf5 11. Ndf3 Bxd3 12. Nxd3 O-O 13. Re1 Rab8 14. Qd1
b5 15. b4 a5 16. a3 Ra8 17. Bd2 Nc8 18. Qe2 Nb6 19. Nde5 Bxe5 20. dxe5 Nc4 21.
Bf4 Ra6 22. a4 Rb8 23. axb5 Rxb5 1/2-1/2

[Event "Mistrovstvi CR senioru nad 50 let"]
[Site "Pelcovo divadlo Rychnov nad Kn"]
[Date "2016.08.21"]
[Round "2.5"]
[White "Privoznik, Lubos"]
[Black "Mohapl, Petr"]
[Result "0-1"]
[WhiteElo "1640"]
[BlackElo "2098"]
[PlyCount "82"]
[EventDate "2016.08.20"]

1. e4 d5 2. exd5 Qxd5 3. Nc3 Qa5 4. d4 Nf6 5. Nf3 Bg4 6. h3 Bh5 7. g4 Bg6 8.
Ne5 c6 9. Nxg6 hxg6 10. Qf3 e6 11. Bd2 Nbd7 12. O-O-O Qc7 13. Bf4 Qa5 14. Kb1
Nd5 15. Nxd5 Qxd5 16. Qxd5 cxd5 17. Bg3 a6 18. Be2 Nf6 19. f3 Kd7 20. c4 Bd6
21. Be5 Rh7 22. c5 Bxe5 23. dxe5 Ng8 24. h4 Ne7 25. b4 Rah8 26. a4 Rxh4 27.
Rxh4 Rxh4 28. b5 axb5 29. Bxb5+ Nc6 30. Rd3 Rh2 31. Rb3 Kc7 32. Bxc6 Kxc6 33.
a5 Rf2 34. Rc3 Re2 35. Rb3 Rxe5 36. Rb6+ Kc7 37. c6 bxc6 38. Rb3 d4 39. Ra3 Kb7
40. Rd3 Rb5+ 41. Kc2 c5 0-1

[Event "Mistrovstvi CR senioru nad 50 let"]
[Site "Pelcovo divadlo Rychnov nad Kn"]
[Date "2016.08.21"]
[Round "2.6"]
[White "Fiedler, Bedrich"]
[Black "Volfova, Milena"]
[Result "1-0"]
[WhiteElo "2114"]
[BlackElo "1556"]
[PlyCount "69"]
[EventDate "2016.08.20"]

1. c4 e5 2. g3 Nf6 3. Bg2 Nc6 4. Nc3 Bc5 5. e3 a6 6. Nge2 O-O 7. O-O h6 8. a3
Ne7 9. b4 Ba7 10. Bb2 d6 11. d4 exd4 12. Nxd4 Bxd4 13. Qxd4 c6 14. Ne4 Ne8 15.
Rfd1 d5 16. Nc3 Be6 17. e4 Nf6 18. cxd5 cxd5 19. exd5 Nf5 20. Qd3 Bd7 21. d6
Rb8 22. Nd5 Nxd5 23. Qxd5 Be6 24. Qd3 Qd7 25. Rac1 Rfc8 26. Rc5 Rd8 27. Be5
Rbc8 28. Be4 f6 29. Bf4 g5 30. Bxf5 gxf4 31. Bxe6+ Qxe6 32. Qg6+ Kf8 33. Qxh6+
Kg8 34. Rh5 Qe4 35. Qxf6 1-0

[Event "Mistrovstvi CR senioru nad 50 let"]
[Site "Pelcovo divadlo Rychnov nad Kn"]
[Date "2016.08.21"]
[Round "2.7"]
[White "Stuchly, Jaroslav"]
[Black "Korinkova, Eva"]
[Result "1/2-1/2"]
[WhiteElo "1871"]
[BlackElo "1740"]
[PlyCount "51"]
[EventDate "2016.08.20"]

1. c4 Nf6 2. Nc3 g6 3. g3 d5 4. cxd5 Nxd5 5. Bg2 Nxc3 6. bxc3 Bg7 7. Nf3 O-O 8.
O-O Nc6 9. d4 Na5 10. Nd2 c5 11. e3 Bd7 12. Nb3 Ba4 13. Qf3 Bxb3 14. axb3 Nxb3
15. Ra3 Na5 16. Qd5 Qc7 17. Qa2 Nc6 18. d5 Ne5 19. Rxa7 Rxa7 20. Qxa7 Nc4 21.
Ba3 Rc8 22. Rc1 b5 23. Qa6 Rb8 24. Bf1 Rb6 25. Qa8+ Rb8 26. Qa6 1/2-1/2

[Event "Mistrovstvi CR senioru nad 50 let"]
[Site "Pelcovo divadlo Rychnov nad Kn"]
[Date "2016.08.21"]
[Round "2.8"]
[White "Zoufaly, Petr"]
[Black "Elias, Miroslav"]
[Result "0-1"]
[WhiteElo "1688"]
[BlackElo "2047"]
[PlyCount "28"]
[EventDate "2016.08.20"]

1. d4 Nf6 2. Nf3 g6 3. e3 Bg7 4. c4 c5 5. Nc3 O-O 6. Be2 cxd4 7. exd4 d5 8.
cxd5 Nxd5 9. O-O Nc6 10. Qb3 Be6 11. Ng5 Nxd4 12. Qxb7 Nxc3 13. Nxe6 Ncxe2+ 14.
Kh1 Nxe6 0-1

[Event "Mistrovstvi CR senioru nad 60 let"]
[Site "Pelcovo divadlo Rychnov nad Kn"]
[Date "2016.08.21"]
[Round "2.1"]
[White "Masek, Jan"]
[Black "Pribyl, Josef"]
[Result "0-1"]
[WhiteElo "1911"]
[BlackElo "2266"]
[PlyCount "130"]
[EventDate "2016.08.20"]

1. e4 g6 2. d4 Bg7 3. Nf3 d6 4. h3 a6 5. Bd3 e5 6. dxe5 dxe5 7. Be3 Nc6 8. c3
Nf6 9. O-O O-O 10. Qd2 Qe7 11. Rd1 Rd8 12. Qe1 Nh5 13. Na3 Nf4 14. Bf1 Be6 15.
Kh2 Rxd1 16. Qxd1 Rd8 17. Qc2 b5 18. g3 Nh5 19. Be2 Nf6 20. Ng5 Bc8 21. Rd1
Rxd1 22. Bxd1 h6 23. Nf3 Qe6 24. Ng1 Qxa2 25. g4 Bf8 26. Nb1 Be6 27. Nd2 Na5
28. Ne2 Nc4 29. Nxc4 Qxc4 30. f3 h5 31. Qd2 hxg4 32. hxg4 Qc6 33. Ng3 Qd6 34.
Qc1 a5 35. Be2 c6 36. Bh6 Nh7 37. Kg2 a4 38. Bxf8 Nxf8 39. Qh6 Nh7 40. Nf5 Qf8
41. Qxf8+ Kxf8 42. Ne3 Nf6 43. Nc2 Ke7 44. c4 Bxc4 45. Bxc4 bxc4 46. Na3 c3 47.
bxc3 Kd6 48. Kf2 Kc5 49. Ke3 Ne8 50. Kd3 Nd6 51. g5 Nb5 52. Nc2 a3 53. Na1 Nc7
54. Nb3+ Kb5 55. Kc2 Ne6 56. Nd2 Ka4 57. Nc4 Nxg5 58. Nxe5 c5 59. f4 Nxe4 60.
Nxf7 Nf2 61. Ne5 Nd1 62. Kb1 Kb3 63. Nxg6 Nxc3+ 64. Ka1 Nd5 65. Ne5 Nb4 0-1

[Event "Mistrovstvi CR senioru nad 60 let"]
[Site "Pelcovo divadlo Rychnov nad Kn"]
[Date "2016.08.21"]
[Round "2.2"]
[White "Pilar, Miloslav"]
[Black "Novotny, Jaroslav"]
[Result "1-0"]
[WhiteElo "2173"]
[BlackElo "1926"]
[PlyCount "0"]
[EventDate "2016.08.20"]
[PlyCount "99"]

1. d4 Nf6 2. c4 g6 3. Nc3 d5 4. Nf3 Bg7 5. Bg5 Ne4 6. Bh4 Nxc3 7. bxc3 c6 8. e3
O-O 9. Qb3 h6 10. Qa3 g5 11. Bg3 Nd7 12. cxd5 cxd5 13. Qb3 Qa5 14. Be2 Nf6 15.
Nd2 Bf5 16. O-O b6 17. Rfc1 Rac8 18. f3 Bg6 19. a4 Nh5 20. Qb2 b5 21. axb5 Qb6
22. Ra6 Qb7 23. Qa2 Nxg3 24. hxg3 e5 25. Nb3 exd4 26. exd4 Rfe8 27. Qd2 Qb8 28.
Kf2 Re6 29. Rxe6 fxe6 30. Bd3 Bxd3 31. Qxd3 Qb6 32. Nc5 Qd6 33. Qg6 Rxc5 34.
dxc5 Qxc5+ 35. Kf1 Qxb5+ 36. Kg1 Qb6+ 37. Kh2 e5 38. Qxb6 axb6 39. Kg1 Bf8 40.
Kf1 Kf7 41. g4 Bc5 42. Ke2 Ke6 43. Kd3 Kf6 44. Ra1 Kg6 45. Ra8 e4+ 46. fxe4
dxe4+ 47. Kxe4 Bf2 48. Rc8 Bg1 49. Rc6+ Kf7 50. c4 1-0

[Event "Mistrovstvi CR senioru nad 60 let"]
[Site "Pelcovo divadlo Rychnov nad Kn"]
[Date "2016.08.21"]
[Round "2.3"]
[White "Vorobyov, Yrij"]
[Black "Vlachopulos, Georgis"]
[Result "1-0"]
[WhiteElo "2160"]
[BlackElo "1908"]
[PlyCount "125"]
[EventDate "2016.08.20"]

1. Nf3 d5 2. g3 c5 3. Bg2 Nc6 4. d4 e6 5. O-O Nf6 6. e3 Bd6 7. b3 O-O 8. Bb2
Ne4 9. Nbd2 f5 10. c4 Nf6 11. a3 a6 12. cxd5 exd5 13. dxc5 Bxc5 14. b4 Ba7 15.
Nb3 Ne4 16. Nbd4 Kh8 17. Rc1 Bd7 18. Re1 Qe7 19. Qb3 Nxd4 20. Bxd4 Be6 21. Bxa7
Rxa7 22. Nd4 Rg8 23. Qc2 Raa8 24. Qc7 Rae8 25. Qxe7 Rxe7 26. Bxe4 dxe4 27. Rc5
g6 28. a4 Rd8 29. Rec1 Kg7 30. Kf1 Kf6 31. Ke2 Bf7 32. Rc7 Rdd7 33. Rxd7 Rxd7
34. Rc5 Bd5 35. Kd2 Bb3 36. a5 Bd5 37. Kc3 Ke5 38. b5 Kd6 39. Kb4 Rd8 40. b6
Rd7 41. Rc8 Ba2 42. h4 h5 43. Rf8 Ke7 44. Rh8 Kd6 45. Rh6 Bf7 46. Nxf5+ Ke6 47.
Nd4+ Ke7 48. Rh8 Be8 49. Kc5 Rd8 50. f4 exf3 51. Nxf3 Rd3 52. Rh7+ Kd8 53. Rxb7
Kc8 54. Re7 Kd8 55. Re5 Rb3 56. Nd4 Rb1 57. Kd6 Ba4 58. Re7 Rb2 59. Rh7 Kc8 60.
Rg7 Rb1 61. Rxg6 Re1 62. Ne6 Rd1+ 63. Ke5 1-0

[Event "Mistrovstvi CR senioru nad 60 let"]
[Site "Pelcovo divadlo Rychnov nad Kn"]
[Date "2016.08.21"]
[Round "2.4"]
[White "Jirasek, Jiri"]
[Black "Mlynek, Petr"]
[Result "0-1"]
[WhiteElo "1899"]
[BlackElo "2153"]
[PlyCount "62"]
[EventDate "2016.08.20"]

1. d4 d5 2. c4 c6 3. e3 Nf6 4. Nc3 e6 5. Nf3 Nbd7 6. Bd3 dxc4 7. Bxc4 b5 8. Bd3
Bb7 9. O-O a6 10. e4 b4 11. Na4 c5 12. e5 Nd5 13. Be3 cxd4 14. Bxd4 Be7 15. Re1
O-O 16. Rc1 Qa5 17. Nd2 Rfc8 18. Nc4 Qd8 19. Nd6 Bxd6 20. Rxc8 Rxc8 21. exd6
Qg5 22. Qf3 Rc1 23. Rf1 Bc6 24. h4 Rxf1+ 25. Bxf1 Qxh4 26. Nc5 Qxd4 27. Nxd7
Bxd7 28. Bxa6 Qxb2 29. g3 Qxa2 30. Bd3 Qa1+ 31. Kh2 Qe5 0-1

[Event "Mistrovstvi CR senioru nad 60 let"]
[Site "Pelcovo divadlo Rychnov nad Kn"]
[Date "2016.08.21"]
[Round "2.5"]
[White "Innemann, Frantisek"]
[Black "Salac, Jiri"]
[Result "0-1"]
[WhiteElo "1887"]
[BlackElo "2102"]
[PlyCount "46"]
[EventDate "2016.08.20"]

1. e4 c5 2. Nf3 d6 3. Nc3 a6 4. a4 e6 5. b3 Nc6 6. Bb2 g6 7. d4 cxd4 8. Nxd4
Bg7 9. Nxc6 bxc6 10. Qd2 Ne7 11. Nd1 O-O 12. Bxg7 Kxg7 13. Be2 d5 14. exd5 cxd5
15. Qd4+ f6 16. O-O e5 17. Qd2 Bb7 18. Ne3 Qc7 19. Bf3 d4 20. Ng4 Bxf3 21. gxf3
h5 22. Qh6+ Kg8 23. Qd2 hxg4 0-1

[Event "Mistrovstvi CR senioru nad 60 let"]
[Site "Pelcovo divadlo Rychnov nad Kn"]
[Date "2016.08.21"]
[Round "2.6"]
[White "Pospisil, Evzen"]
[Black "Oburka, Vladislav"]
[Result "1/2-1/2"]
[WhiteElo "2097"]
[BlackElo "1879"]
[PlyCount "48"]
[EventDate "2016.08.20"]

1. d4 Nf6 2. Nf3 e6 3. g3 d5 4. Bg2 Be7 5. c4 O-O 6. O-O b6 7. Ne5 Bb7 8. Nc3
c5 9. dxc5 bxc5 10. Qb3 Qb6 11. Qxb6 axb6 12. Rd1 Rd8 13. Bf4 Nc6 14. cxd5 Nxe5
15. Bxe5 Nxd5 16. Nxd5 Bxd5 17. Bxd5 exd5 18. a4 Rd7 19. e3 f6 20. Bc3 Kf7 21.
b3 Ke6 22. Kf1 g6 23. Ke2 f5 24. h4 Bf6 1/2-1/2

[Event "Mistrovstvi CR senioru nad 60 let"]
[Site "Pelcovo divadlo Rychnov nad Kn"]
[Date "2016.08.21"]
[Round "2.7"]
[White "Divis, Libor"]
[Black "Novotny, Josef"]
[Result "0-1"]
[WhiteElo "1880"]
[BlackElo "2078"]
[PlyCount "58"]
[EventDate "2016.08.20"]

1. e4 e6 2. d4 d6 3. Nf3 Nc6 4. c4 Bd7 5. Be2 g6 6. Bd2 Bg7 7. Bc3 Nf6 8. Qc2
O-O 9. O-O a5 10. a3 a4 11. Nbd2 Nh5 12. g3 e5 13. d5 Nd4 14. Bxd4 exd4 15. Ne1
Nf6 16. f3 c6 17. Nd3 Re8 18. dxc6 bxc6 19. c5 d5 20. e5 Bh6 21. f4 Ne4 22. Nf3
f6 23. Nxd4 fxe5 24. fxe5 Be3+ 25. Kg2 Bxd4 26. Bf3 Ng5 27. h4 Bh3+ 28. Kh2
Bxf1 29. Rxf1 Nxf3+ 0-1

[Event "Mistrovstvi CR senioru nad 60 let"]
[Site "Pelcovo divadlo Rychnov nad Kn"]
[Date "2016.08.21"]
[Round "2.8"]
[White "Koci, Ladislav"]
[Black "Lorenc, Oldrich"]
[Result "0-1"]
[WhiteElo "1862"]
[BlackElo "2063"]
[PlyCount "82"]
[EventDate "2016.08.20"]

1. d4 d5 2. Nf3 Nf6 3. c4 c6 4. g3 Bf5 5. Bg2 Bxb1 6. Rxb1 dxc4 7. O-O Nbd7 8.
Qc2 Nb6 9. Rd1 g6 10. Ne5 Bg7 11. Nxc4 O-O 12. b4 Nfd5 13. Ne5 Qd6 14. a4 Nxb4
15. Qb3 a5 16. Ba3 Bxe5 17. dxe5 Qxe5 18. Bb2 Qe6 19. Qc3 f6 20. Qd4 Nc4 21.
Qd7 Qxd7 22. Rxd7 Rab8 23. Bc3 Kf7 24. Bxb4 axb4 25. Rxb4 Nd6 26. a5 Ke6 27.
Rc7 Ra8 28. Rb3 Rxa5 29. Re3+ Re5 30. Bh3+ Kf7 31. Rd3 Kg8 32. Kf1 f5 33. f4
Re6 34. Bg2 Ra8 35. Bf3 Ra1+ 36. Kf2 Kf8 37. Rc8+ Nxc8 38. Rd8+ Kf7 39. Rxc8 h5
40. Rb8 Rb1 41. h4 b5 0-1

[Event "Mistrovstvi CR senioru nad 60 let"]
[Site "Pelcovo divadlo Rychnov nad Kn"]
[Date "2016.08.21"]
[Round "2.9"]
[White "Pokorny, Jan"]
[Black "Ondrejat, Miroslav"]
[Result "1/2-1/2"]
[WhiteElo "1853"]
[BlackElo "2028"]
[PlyCount "29"]
[EventDate "2016.08.20"]

1. Nf3 g6 2. d4 Bg7 3. e3 Nf6 4. c4 O-O 5. Be2 d6 6. O-O Nbd7 7. Qc2 c5 8. Rd1
a6 9. b3 Qc7 10. dxc5 Nxc5 11. Bb2 b6 12. Nc3 Bb7 13. Nd5 Nxd5 14. cxd5 Bxb2
15. Qxb2 1/2-1/2

[Event "Mistrovstvi CR senioru nad 60 let"]
[Site "Pelcovo divadlo Rychnov nad Kn"]
[Date "2016.08.21"]
[Round "2.11"]
[White "Urbanec, Vladimir"]
[Black "Trojan, Lubos"]
[Result "0-1"]
[WhiteElo "1509"]
[BlackElo "1989"]
[PlyCount "42"]
[EventDate "2016.08.20"]

1. f4 d5 2. Nf3 g6 3. e3 Bg7 4. d4 Nf6 5. Bd3 c5 6. c3 Qc7 7. O-O O-O 8. Nbd2
b6 9. Qe2 Bb7 10. Ne5 Nbd7 11. Ndf3 Ne4 12. Bb5 Nb8 13. Bd3 f6 14. Ng4 Qd7 15.
Nd2 h5 16. Nf2 f5 17. Nh3 Bf6 18. Nf3 Kg7 19. Bxe4 fxe4 20. Ne5 Bxe5 21. fxe5
Ba6 0-1